Celebrating Relationships/ (Record no. 174100)

MARC details
000 -LEADER
fixed length control field 00517nam a22001817a 4500
005 - DATE AND TIME OF LATEST TRANSACTION
control field 20200317145823.0
010 ## - LCCN (DPL NO)
LC control number ENG-128084
020 ## - INTERNATIONAL STANDARD BOOK NUMBER
Terms of availability 195.00
International Standard Book Number 9788184154146
035 ## - SYSTEM CONTROL NUMBER
System control number EN-111616
037 ## - SOURCE OF ACQUISITION
Source of stock number/acquisition DBAD/PUB
082 ## - DEWEY DECIMAL CLASSIFICATION NUMBER
Classification number 306.85
100 ## - MAIN ENTRY--PERSONAL NAME
Personal name Tejparkhi, Sirshree
245 ## - TITLE STATEMENT
Title Celebrating Relationships/
Statement of responsibility, etc by Sirshree Tejparkhi
260 ## - PUBLICATION, DISTRIBUTION, ETC. (IMPRINT)
Place of publication, distribution, etc Pune
Name of publisher, distributor, etc Happy thoughts
Date of publication, distribution, etc 2016
270 ## - ADDRESS
Address Tejgyan Global Foundation
City Pune
Postal code 111045
300 ## - PHYSICAL DESCRIPTION
Extent 184p.
Dimensions 21cm(pbk)
942 ## - ADDED ENTRY ELEMENTS (KOHA)
Source of classification or shelving scheme Dewey Decimal Classification
Item type English Books
Classification part 306.85
Call number suffix TEJ
Holdings
Withdrawn status Lost status Not for loan Collection code Home library Current library Date acquired Source of acquisition Cost, normal purchase price Full call number Barcode Copy number Cost, replacement price Koha item type
      Non-fiction Central Library Central Library 17/03/2020 DBAD/PUB 195.00 306.85 TEJ EN-111616 1 195.00 English Books

© Delhi Public Library
Hit Counter
free hit counter